000 01420cam a2200289 4500
008 030915n2002 000 0 eng u
020 _a0117536415
035 _a(Sirsi) u123588
041 _aeng
050 _a711.309428
_c18
110 _aGovernment Office for the North East
_94526
245 _aRegional planning guidance for the north east to 2016 (RPG1)
260 _aLondon
_bStationery Office
_c2002
300 _a175p.
_c30cm.
350 _a24
490 _aRPG
_v1
520 _aCovers the administrative areas of Northumberland and Durham CC, Newcastle upon Tyne, North Tyneside, Gateshead, South Tyneside and Sunderland Metropolitan authorities, the Northumberland National Park, together with Darlington, Hartlepool, Stockton-on-Tees, Middlesbrough and Redcar and Cleveland Unitary Authorities. View RPG1 at http://go-ne.gov.uk/rpg.
520 _aSupersedes "RPG1: strategic guidance for Tyne and Wear" (1989 edition, ISBN 0117522279) and "RPG7: regional planning guidance for the northern region" (1993 edition, ISBN 0117528633).
650 _aREGIONAL PLANNING
650 _aREGIONAL PLANNING GUIDANCE
650 _aNORTHEAST ENGLAND
650 _aRPG1
690 _aPlanning and development
_96259
710 _aUnited Kingdom
_bOffice of the Deputy Prime Minister
856 _uhttps://go-ne.gov.uk/rpg
_zView RPG1 on the Government Office for the North East website...
942 _n0
999 _c103064
_d103064